The Iowa journal of history and politics.

Bibliographic Details
New Title:Iowa journal of history
Previous Title:Iowa historical record
Corporate Author: State Historical Society of Iowa
Format: Journal
Language:English
Published: Iowa City : State Historical Society of Iowa, 1903-1948.
Subjects:
Online Availability: Check for online availability

MARC

Tag First Indicator Second Indicator Subfields
LEADER 00000cas a2200000 a 4500
001 in00000222521
005 20240514121027.0
008 771129d19031948iauqr p s0 a0eng c
010 |a sc 83001750  
012 |a 2  |j 0 
016 7 |a 012402117  |2 DE-101 
016 7 |a 426322-4  |2 DE-600 
016 7 |a 009862758  |2 Uk 
019 |a 1155721252  |a 1196845495 
022 0 |a 0740-8579  |l 0740-8579  |2 1 
029 1 |a AU@  |b 000003025877 
029 1 |a GBVCP  |b 167195727 
029 1 |a HEBIS  |b 065341244 
029 1 |a UKMGB  |b 009862758 
029 1 |a ZWZ  |b 093448953 
035 |a (OCoLC)ocm03452822  
035 |a (OCoLC)3452822  |z (OCoLC)1155721252  |z (OCoLC)1196845495 
035 |a (OCoLC)ocm03452822  
040 |a MHS  |b eng  |c MHS  |d NYS  |d DLC  |d NSD  |d CLU  |d CUS  |d OCLCQ  |d HEBIS  |d GBVCP  |d UKMGB  |d OCLCF  |d OCLCO  |d OCL  |d FHL  |d OCLCA  |d OCLCQ  |d OCLCL  |d DLC 
042 |a pcc  |a nsdp 
043 |a n-us-ia 
050 1 0 |a ISSN RECORD 
050 1 4 |a F616  |b .I5 
082 1 0 |a 977  |2 12 
210 0 |a Iowa j. hist. polit. 
222 4 |a The Iowa journal of history and politics 
245 0 4 |a The Iowa journal of history and politics. 
260 |a Iowa City :  |b State Historical Society of Iowa,  |c 1903-1948. 
300 |a 46 volumes :  |b illustrations ;  |c 27 cm 
310 |a Quarterly 
336 |a text  |b txt  |2 rdacontent 
337 |a unmediated  |b n  |2 rdamedia 
338 |a volume  |b nc  |2 rdacarrier 
362 0 |a Vol. 1 (Jan. 1903)-v. 46 (Oct. 1948). 
500 |a Title from v. t.p. 
651 0 |a Iowa  |x History  |v Periodicals. 
651 0 |a Iowa  |x Politics and government  |v Periodicals. 
650 7 |a Politics and government  |2 fast  |0 (OCoLC)fst01919741 
651 7 |a Iowa.  |2 fast  |0 (OCoLC)fst01205835  |1 https://id.oclc.org/worldcat/entity/E39PBJhd6cy3VYJYQHXFgQr6rq 
651 7 |a United States, Iowa  |x History  |x Periodicals.  |2 fssh 
655 7 |a History.  |2 fast  |0 (OCoLC)fst01411628 
655 7 |a Periodicals.  |2 fast  |0 (OCoLC)fst01411641 
710 2 |a State Historical Society of Iowa. 
776 0 8 |i Online version:  |t Iowa journal of history and politics  |x 2996-3486  |w (DLC) 2024201435  |w (OCoLC)1408787436 
780 0 1 |t Iowa historical record  |w (OCoLC)1753889 
785 0 0 |t Iowa journal of history  |x 0148-5695  |w (DLC)sc 83001749  |w (OCoLC)5155333 
948 |h HELD BY TXA - 202 OTHER HOLDINGS 
994 |a Z0  |b TXA 
999 f f |s 97dcafa4-ad5b-3b24-a19c-b75610caaf3e  |i 1e80111f-4cea-39ba-838b-9975af729714  |t 0 
952 f f |a Texas A&M University  |b Rellis Campus  |c Joint Library Facility  |d Remote Storage  |e F616 .I5  |h Library of Congress classification  |i unmediated -- volume  |k v.45  |l 1947  |m A14836901176  |p ric  |s JLF  |t 0 
952 f f |a Texas A&M University  |b Rellis Campus  |c Joint Library Facility  |d Remote Storage  |e F616 .I5  |h Library of Congress classification  |i unmediated -- volume  |k v.3  |l 1905  |m A14836900714  |p ric  |s JLF  |t 0 
952 f f |a Texas A&M University  |b Rellis Campus  |c Joint Library Facility  |d Remote Storage  |e F616 .I5  |h Library of Congress classification  |i unmediated -- volume  |k v.32  |l 1934  |m A14836900405  |p ric  |s JLF  |t 0 
952 f f |a Texas A&M University  |b Rellis Campus  |c Joint Library Facility  |d Remote Storage  |e F616 .I5  |h Library of Congress classification  |i unmediated -- volume  |k v.25  |l 1927  |m A14836900609  |p ric  |s JLF  |t 0 
952 f f |a Texas A&M University  |b Rellis Campus  |c Joint Library Facility  |d Remote Storage  |e F616 .I5  |h Library of Congress classification  |i unmediated -- volume  |k v.2  |l 1904  |m A14836900104  |p ric  |s JLF  |t 0 
952 f f |a Texas A&M University  |b Rellis Campus  |c Joint Library Facility  |d Remote Storage  |e F616 .I5  |h Library of Congress classification  |i unmediated -- volume  |k v.44  |l 1946  |m A14836901215  |p ric  |s JLF  |t 0 
952 f f |a Texas A&M University  |b Rellis Campus  |c Joint Library Facility  |d Remote Storage  |e F616 .I5  |h Library of Congress classification  |i unmediated -- volume  |k v.26  |l 1928  |m A14836900560  |p ric  |s JLF  |t 0 
952 f f |a Texas A&M University  |b Rellis Campus  |c Joint Library Facility  |d Remote Storage  |e F616 .I5  |h Library of Congress classification  |i unmediated -- volume  |k v.4  |l 1906  |m A14824176781  |p ric  |s JLF  |t 0 
952 f f |a Texas A&M University  |b Rellis Campus  |c Joint Library Facility  |d Remote Storage  |e F616 .I5  |h Library of Congress classification  |i unmediated -- volume  |k v.1/40:Index  |l 1903/1942  |m A14836901338  |p ric  |s JLF  |t 0 
952 f f |a Texas A&M University  |b Rellis Campus  |c Joint Library Facility  |d Remote Storage  |e F616 .I5  |h Library of Congress classification  |i unmediated -- volume  |k v.20  |l 1922  |m A14836900154  |p ric  |s JLF  |t 0 
952 f f |a Texas A&M University  |b Rellis Campus  |c Joint Library Facility  |d Remote Storage  |e F616 .I5  |h Library of Congress classification  |i unmediated -- volume  |k v.11  |l 1913  |m A14836900439  |p ric  |s JLF  |t 0 
952 f f |a Texas A&M University  |b Rellis Campus  |c Joint Library Facility  |d Remote Storage  |e F616 .I5  |h Library of Congress classification  |i unmediated -- volume  |k v.23  |l 1925  |m A14836900683  |p ric  |s JLF  |t 0 
952 f f |a Texas A&M University  |b Rellis Campus  |c Joint Library Facility  |d Remote Storage  |e F616 .I5  |h Library of Congress classification  |i unmediated -- volume  |k v.24  |l 1926  |m A14836900641  |p ric  |s JLF  |t 0 
952 f f |a Texas A&M University  |b Rellis Campus  |c Joint Library Facility  |d Remote Storage  |e F616 .I5  |h Library of Congress classification  |i unmediated -- volume  |k v.8  |l 1910  |m A14836900552  |p ric  |s JLF  |t 0 
952 f f |a Texas A&M University  |b Rellis Campus  |c Joint Library Facility  |d Remote Storage  |e F616 .I5  |h Library of Congress classification  |i unmediated -- volume  |k v.17  |l 1919  |m A14836900235  |p ric  |s JLF  |t 0 
952 f f |a Texas A&M University  |b Rellis Campus  |c Joint Library Facility  |d Remote Storage  |e F616 .I5  |h Library of Congress classification  |i unmediated -- volume  |k v.19:no.2-4  |l 1921  |m A14816406570  |p ric  |s JLF  |t 0 
952 f f |a Texas A&M University  |b Rellis Campus  |c Joint Library Facility  |d Remote Storage  |e F616 .I5  |h Library of Congress classification  |i unmediated -- volume  |k v.41  |l 1943  |m A14836901299  |p ric  |s JLF  |t 0 
952 f f |a Texas A&M University  |b Rellis Campus  |c Joint Library Facility  |d Remote Storage  |e F616 .I5  |h Library of Congress classification  |i unmediated -- volume  |k v.14  |l 1916  |m A14836900316  |p ric  |s JLF  |t 0 
952 f f |a Texas A&M University  |b Rellis Campus  |c Joint Library Facility  |d Remote Storage  |e F616 .I5  |h Library of Congress classification  |i unmediated -- volume  |k v.9  |l 1911  |m A14836900510  |p ric  |s JLF  |t 0 
952 f f |a Texas A&M University  |b Rellis Campus  |c Joint Library Facility  |d Remote Storage  |e F616 .I5  |h Library of Congress classification  |i unmediated -- volume  |k v.33  |l 1935  |m A14836900366  |p ric  |s JLF  |t 0 
952 f f |a Texas A&M University  |b Rellis Campus  |c Joint Library Facility  |d Remote Storage  |e F616 .I5  |h Library of Congress classification  |i unmediated -- volume  |k v.35  |l 1937  |m A14836900324  |p ric  |s JLF  |t 0 
952 f f |a Texas A&M University  |b Rellis Campus  |c Joint Library Facility  |d Remote Storage  |e F616 .I5  |h Library of Congress classification  |i unmediated -- volume  |k v.1  |l 1903  |m A14836900146  |p ric  |s JLF  |t 0 
952 f f |a Texas A&M University  |b Rellis Campus  |c Joint Library Facility  |d Remote Storage  |e F616 .I5  |h Library of Congress classification  |i unmediated -- volume  |k v.5  |l 1907  |m A14836900675  |p ric  |s JLF  |t 0 
952 f f |a Texas A&M University  |b Rellis Campus  |c Joint Library Facility  |d Remote Storage  |e F616 .I5  |h Library of Congress classification  |i unmediated -- volume  |k v.29  |l 1931  |m A14816943302  |p ric  |s JLF  |t 0 
952 f f |a Texas A&M University  |b Rellis Campus  |c Joint Library Facility  |d Remote Storage  |e F616 .I5  |h Library of Congress classification  |i unmediated -- volume  |k v.13  |l 1915  |m A14836900358  |p ric  |s JLF  |t 0 
952 f f |a Texas A&M University  |b Rellis Campus  |c Joint Library Facility  |d Remote Storage  |e F616 .I5  |h Library of Congress classification  |i unmediated -- volume  |k v.16  |l 1918  |m A14821181606  |p ric  |s JLF  |t 0 
952 f f |a Texas A&M University  |b Rellis Campus  |c Joint Library Facility  |d Remote Storage  |e F616 .I5  |h Library of Congress classification  |i unmediated -- volume  |k v.28  |l 1930  |m A14813886789  |p ric  |s JLF  |t 0 
952 f f |a Texas A&M University  |b Rellis Campus  |c Joint Library Facility  |d Remote Storage  |e F616 .I5  |h Library of Congress classification  |i unmediated -- volume  |k v.34  |l 1936  |m A14813879449  |p ric  |s JLF  |t 0 
952 f f |a Texas A&M University  |b Rellis Campus  |c Joint Library Facility  |d Remote Storage  |e F616 .I5  |h Library of Congress classification  |i unmediated -- volume  |k v.46  |l 1948  |m A14819886999  |p ric  |s JLF  |t 0 
952 f f |a Texas A&M University  |b Rellis Campus  |c Joint Library Facility  |d Remote Storage  |e F616 .I5  |h Library of Congress classification  |i unmediated -- volume  |k v.43  |l 1945  |m A14836901257  |p ric  |s JLF  |t 0 
952 f f |a Texas A&M University  |b Rellis Campus  |c Joint Library Facility  |d Remote Storage  |e F616 .I5  |h Library of Congress classification  |i unmediated -- volume  |k v.31  |l 1933  |m A14836900447  |p ric  |s JLF  |t 0 
952 f f |a Texas A&M University  |b Rellis Campus  |c Joint Library Facility  |d Remote Storage  |e F616 .I5  |h Library of Congress classification  |i unmediated -- volume  |k v.40  |l 1942  |m A14836900162  |p ric  |s JLF  |t 0 
952 f f |a Texas A&M University  |b Rellis Campus  |c Joint Library Facility  |d Remote Storage  |e F616 .I5  |h Library of Congress classification  |i unmediated -- volume  |k v.27  |l 1929  |m A14836900528  |p ric  |s JLF  |t 0 
952 f f |a Texas A&M University  |b Rellis Campus  |c Joint Library Facility  |d Remote Storage  |e F616 .I5  |h Library of Congress classification  |i unmediated -- volume  |k v.37  |l 1939  |m A14836900243  |p ric  |s JLF  |t 0 
952 f f |a Texas A&M University  |b Rellis Campus  |c Joint Library Facility  |d Remote Storage  |e F616 .I5  |h Library of Congress classification  |i unmediated -- volume  |k v.18  |l 1920  |m A14836900196  |p ric  |s JLF  |t 0 
952 f f |a Texas A&M University  |b Rellis Campus  |c Joint Library Facility  |d Remote Storage  |e F616 .I5  |h Library of Congress classification  |i unmediated -- volume  |k v.42  |l 1944  |m A14825129949  |p ric  |s JLF  |t 0 
952 f f |a Texas A&M University  |b Rellis Campus  |c Joint Library Facility  |d Remote Storage  |e F616 .I5  |h Library of Congress classification  |i unmediated -- volume  |k v.30  |l 1932  |m A14836900489  |p ric  |s JLF  |t 0 
952 f f |a Texas A&M University  |b Rellis Campus  |c Joint Library Facility  |d Remote Storage  |e F616 .I5  |h Library of Congress classification  |i unmediated -- volume  |k v.39  |l 1941  |m A14836900120  |p ric  |s JLF  |t 0 
952 f f |a Texas A&M University  |b Rellis Campus  |c Joint Library Facility  |d Remote Storage  |e F616 .I5  |h Library of Congress classification  |i unmediated -- volume  |k v.6  |l 1908  |m A14836900633  |p ric  |s JLF  |t 0 
952 f f |a Texas A&M University  |b Rellis Campus  |c Joint Library Facility  |d Remote Storage  |e F616 .I5  |h Library of Congress classification  |i unmediated -- volume  |k v.15  |l 1917  |m A14836900277  |p ric  |s JLF  |t 0 
952 f f |a Texas A&M University  |b Rellis Campus  |c Joint Library Facility  |d Remote Storage  |e F616 .I5  |h Library of Congress classification  |i unmediated -- volume  |k v.36  |l 1938  |m A14836900285  |p ric  |s JLF  |t 0 
952 f f |a Texas A&M University  |b Rellis Campus  |c Joint Library Facility  |d Remote Storage  |e F616 .I5  |h Library of Congress classification  |i unmediated -- volume  |k v.22  |l 1924  |m A14836900722  |p ric  |s JLF  |t 0 
952 f f |a Texas A&M University  |b Rellis Campus  |c Joint Library Facility  |d Remote Storage  |e F616 .I5  |h Library of Congress classification  |i unmediated -- volume  |k v.38  |l 1940  |m A14836900201  |p ric  |s JLF  |t 0 
952 f f |a Texas A&M University  |b Rellis Campus  |c Joint Library Facility  |d Remote Storage  |e F616 .I5  |h Library of Congress classification  |i unmediated -- volume  |k v.21  |l 1923  |m A14836900112  |p ric  |s JLF  |t 0 
952 f f |a Texas A&M University  |b Rellis Campus  |c Joint Library Facility  |d Remote Storage  |e F616 .I5  |h Library of Congress classification  |i unmediated -- volume  |k v.10  |l 1912  |m A14836900471  |p ric  |s JLF  |t 0 
952 f f |a Texas A&M University  |b Rellis Campus  |c Joint Library Facility  |d Remote Storage  |e F616 .I5  |h Library of Congress classification  |i unmediated -- volume  |k v.7  |l 1909  |m A14836900594  |p ric  |s JLF  |t 0 
952 f f |a Texas A&M University  |b Rellis Campus  |c Joint Library Facility  |d Remote Storage  |e F616 .I5  |h Library of Congress classification  |i unmediated -- volume  |k v.12  |l 1914  |m A14836900390  |p ric  |s JLF  |t 0